000 00519nam a22001817a 4500
003 0
005 20251117121906.0
008 251117b xxu||||| |||| 00| 0 eng d
020 _a0-316-15530-6
050 _aPS 3553
_b.C66 2004
100 _aConnelly, Michael,
_eauthor.
245 _aThe Narrows /
_cMichael Connelly.
300 _a404 pages ;
_c25 cm.
650 _aDetective and mystery stories.
650 _aSerial murderers
_xFiction.
650 _aPolice
_zCalifornia
_zLos Angeles
_xFiction.
942 _2lcc
_cBK
999 _c368666
_d368666